Five Nights At Freddy's - Animatronics - Statistics

General Stats
  • This quiz has been taken 100 times
  • The average score is 5 of 6
Answer Stats
Picture Answer % Correct
Bonnie The Rabbit
99%
Chica The Chicken
99%
Foxy The Pirate
99%
Freddy Fazbear
99%
Golden Freddy
98%
Endo 01
53%
No matching quizzes found
Score Distribution
Percent of People with Each Score
Percentile by Number Answered
Your Score History
You have not taken this quiz